[Event "Ruhrgebiet Regionalliga 1516"]
[Site "Germany"]
[Date "2016.01.17"]
[Round "5.7"]
[White "Boemelburg, Raphael"]
[Black "Busche, Klaus"]
[Result "1-0"]
[WhiteElo "1935"]
[BlackElo "1941"]
[PlyCount "133"]
[EventDate "2015.09.13"]
[EventType "team-tourn"]
[EventRounds "9"]
[EventCountry "GER"]
[SourceTitle "EXT 2022"]
[Source "ChessBase"]
[SourceDate "2021.10.06"]
[SourceVersion "1"]
[SourceVersionDate "2021.10.06"]
[SourceQuality "1"]
[WhiteTeam "Muelheim Nord III"]
[BlackTeam "Ahlen SV"]
[WhiteTeamCountry "GER"]
[BlackTeamCountry "GER"]

1. e4 d5 2. exd5 Nf6 3. d4 Bg4 4. f3 Bf5 5. Bb5+ c6 6. dxc6 Nxc6 7. Nc3 e6 8. Nge2 Qb6 9. Be3 Nd5 10. Nxd5 exd5 11. Bd3 Be6 12. Bc1 Bd6 13. c3 Qc7 14. g3 0-0-0 15. Bf4 Rde8 16. Kf2 f6 17. Bxd6 Qxd6 18. Nf4 Bf7 19. Qb3 g5 20. Bf5+ Kb8 21. Nd3 Ka8 22. Rae1 h5 23. Rxe8+ Rxe8 24. Re1 Rxe1 25. Kxe1 h4 26. Kf2 Na5 27. Qb5 Nc6 28. Qc5 hxg3+ 29. hxg3 Qd8 30. Qb5 a6 31. Qa4 Qh8 32. Kg2 Qe8 33. Qd1 Ne7 34. Bh3 Qb5 35. Qe2 Nc6 36. Bf5 Qa5 37. Bd7 Qc7 38. Nc5 Nb8 39. Qe7 Bg6 40. Qxf6 Bb1 41. Qh8 Ka7 42. Qc8 Qb6 43. Na4 Qd6 44. Bf5 Bxa2 45. Qc5+ Qxc5 46. Nxc5 Nc6 47. Ne6 Na5 48. Bd3 Bc4 49. Bxc4 Nxc4 50. b3 Nd2 51. b4 g4 52. fxg4 Ne4 53. g5 b6 54. g6 a5 55. g7 Nf6 56. bxa5 bxa5 57. Nc5 Ng8 58. Kf3 Kb6 59. Kf4 Kb5 60. Ke5 Kc4 61. g4 Ne7 62. g5 Kxc3 63. Ke6 Ng8 64. Kxd5 Kb4 65. Ke6 Kc4 66. Kf7 Kxd4 67. Kxg8 1-0

[Event "EU-Cup 29th"]
[Site "Rhodes"]
[Date "2013.10.22"]
[Round "3.3"]
[White "Boemelburg, Raphael"]
[Black "Jeitz, Christian"]
[Result "0-1"]
[WhiteElo "1989"]
[BlackElo "2222"]
[PlyCount "65"]
[EventDate "2013.10.20"]
[EventType "team-swiss"]
[EventRounds "7"]
[EventCountry "GRE"]
[SourceTitle "CBM 157"]
[Source "ChessBase"]
[SourceDate "2013.11.12"]
[SourceVersion "1"]
[SourceVersionDate "2013.11.12"]
[SourceQuality "1"]
[WhiteTeam "Muelheim"]
[BlackTeam "Belvaux"]
[WhiteTeamCountry "GER"]
[BlackTeamCountry "LUX"]

1. e4 c5 2. d3 Nc6 3. Nf3 g6 4. Nbd2 Bg7 5. g3 e5 6. Bg2 Nge7 7. 0-0 0-0 8. Nh4 d6 9. f4 exf4 10. gxf4 f5 11. Ndf3 Qc7 12. c3 Kh8 13. Bd2 Qb6 14. Qc2 c4+ 15. d4 fxe4 16. Qxe4 Nf5 17. Qd5 Nxh4 18. Nxh4 Qxb2 19. Rfd1 Bg4 20. Bf3 Bxf3 21. Nxf3 Qc2 22. Qxc4 Qf5 23. Kh1 Bh6 24. d5 Ne7 25. Rab1 b6 26. Rb4 Rac8 27. Qe4 Nxd5 28. Qxf5 Rxf5 29. Rd4 Nxc3 30. Rc1 Rfc5 31. Rxd6 Ne4 32. Rxc5 bxc5 33. Rd3 0-1

[Event "EU-Cup 29th"]
[Site "Rhodes"]
[Date "2013.10.20"]
[Round "1.3"]
[White "Jensen, Bjarke"]
[Black "Boemelburg, Raphael"]
[Result "1-0"]
[WhiteElo "2321"]
[BlackElo "1989"]
[PlyCount "75"]
[EventDate "2013.10.20"]
[EventType "team-swiss"]
[EventRounds "7"]
[EventCountry "GRE"]
[SourceTitle "CBM 157"]
[Source "ChessBase"]
[SourceDate "2013.11.12"]
[SourceVersion "1"]
[SourceVersionDate "2013.11.12"]
[SourceQuality "1"]
[WhiteTeam "Jetsmark"]
[BlackTeam "Muelheim"]
[WhiteTeamCountry "DEN"]
[BlackTeamCountry "GER"]

1. e4 e6 2. d4 d5 3. exd5 exd5 4. Nf3 Bg4 5. c4 Nf6 6. Nc3 Nc6 7. Be2 dxc4 8. 0-0 Be7 9. d5 Bxf3 10. Bxf3 Ne5 11. Be2 0-0 12. Be3 b5 13. Nxb5 Nxd5 14. Bd4 Bf6 15. Qd2 c6 16. Na3 Nd3 17. Bxf6 Qxf6 18. Nxc4 Ne5 19. Nxe5 Qxe5 20. Bf3 Rad8 21. Rac1 Rd6 22. Rfe1 Nf4 23. Qb4 Qf6 24. Red1 Nd3 25. Qa3 Qd4 26. Rc2 Rfd8 27. Rcd2 c5 28. Rxd3 Qxd3 29. Rxd3 Rxd3 30. Qa4 R3d4 31. Qc2 Rd2 32. Qc1 c4 33. h3 R8d4 34. Qc3 g6 35. Bc6 R2d3 36. Qa5 Rd1+ 37. Kh2 R1d2 38. Qxa7 1-0

[Event "Ruhrgebiet Regionalliga 1314"]
[Site "Ruhrgebiet"]
[Date "2013.09.22"]
[Round "1.7"]
[White "Boemelburg, Raphael"]
[Black "Matzat, Andre"]
[Result "0-1"]
[WhiteElo "1956"]
[BlackElo "2000"]
[PlyCount "100"]
[EventDate "2013.09.22"]
[EventType "team-tourn"]
[EventRounds "9"]
[EventCountry "GER"]
[SourceTitle "EXT 2024"]
[Source "ChessBase"]
[SourceDate "2023.10.10"]
[SourceVersion "1"]
[SourceVersionDate "2023.10.10"]
[SourceQuality "1"]
[WhiteTeam "Muelheim Nord III"]
[BlackTeam "Borbeck Weisse Dame"]
[WhiteTeamCountry "GER"]
[BlackTeamCountry "GER"]

1. e4 c5 2. Nf3 e6 3. d3 Nc6 4. Nbd2 d5 5. g3 g6 6. Bg2 Bg7 7. 0-0 Nge7 8. Re1 b5 9. exd5 exd5 10. c4 bxc4 11. dxc4 dxc4 12. Nxc4 Qxd1 13. Rxd1 0-0 14. Bf4 Be6 15. Nfe5 Nxe5 16. Bxe5 Bxc4 17. Bxg7 Kxg7 18. Bxa8 Rxa8 19. Rd7 Kf6 20. Rc7 Be6 21. Rxc5 Nf5 22. b3 a5 23. g4 Nd4 24. g5+ Ke7 25. Rd1 Nf3+ 26. Kg2 Nh4+ 27. Kg3 Nf5+ 28. Kf4 a4 29. Rb5 axb3 30. axb3 Ra2 31. Rb7+ Kf8 32. Rd8+ Kg7 33. f3 h6 34. h4 Nxh4 35. gxh6+ Kh7 36. b4 Nf5 37. Kg5 Nxh6 38. Rbb8 Kg7 39. Kf4 Kf6 40. b5 Nf5 41. Ke4 Ra3 42. Ra8 Re3+ 43. Kf4 g5+ 44. Kg4 Nd4+ 45. Kg3 Rxf3+ 46. Kg2 Bh3+ 47. Kh2 Nxb5 48. Rd5 Nc3 49. Ra6+ Be6 50. Rd4 Ne2 0-1

[Event "Ruhrgebiet Verbandsliga1 1112"]
[Site "Nordrheinwestfalen"]
[Date "2012.04.22"]
[Round "9.7"]
[White "Boemelburg, Raphael"]
[Black "Ribbeheger, Edgar"]
[Result "1-0"]
[WhiteElo "1893"]
[BlackElo "1973"]
[PlyCount "57"]
[EventDate "2012.09.18"]
[EventType "team-tourn"]
[EventRounds "9"]
[EventCountry "GER"]
[SourceTitle "EXT 2020"]
[Source "ChessBase"]
[SourceDate "2019.10.17"]
[SourceVersion "1"]
[SourceVersionDate "2019.10.17"]
[SourceQuality "1"]
[WhiteTeam "Muelheim Nord III"]
[BlackTeam "Herne Sodingen II"]
[WhiteTeamCountry "GER"]
[BlackTeamCountry "GER"]

1. e4 c5 2. Nf3 d6 3. d3 Nf6 4. Nbd2 e6 5. g3 Be7 6. Bg2 0-0 7. 0-0 Nbd7 8. Re1 Qc7 9. Nf1 Ne5 10. Bf4 b6 11. Ne3 Bb7 12. Nxe5 dxe5 13. Bg5 h6 14. Bxf6 Bxf6 15. Qh5 Rab8 16. Ng4 Qe7 17. h4 Rfd8 18. Re3 g6 19. Nxf6+ Qxf6 20. Qxh6 Qg7 21. Qg5 f6 22. Qg4 Rd6 23. Rf1 Kf7 24. f4 exf4 25. Qxf4 Ke7 26. e5 fxe5 27. Qg5+ Kd7 28. Bxb7 Rxb7 29. Rf6 1-0

[Event "GER-chT U20"]
[Site "Arendsee"]
[Date "2008.12.30"]
[Round "7.2"]
[White "Boemelburg, Raphael"]
[Black "Geshnizjani, Ramin Tobias"]
[Result "1/2-1/2"]
[WhiteElo "1910"]
[BlackElo "2041"]
[PlyCount "37"]
[EventDate "2008.12.27"]
[EventType "team-swiss"]
[EventRounds "7"]
[EventCountry "GER"]
[SourceTitle "CBM 128 Extra"]
[Source "ChessBase"]
[SourceDate "2009.03.05"]
[SourceVersion "2"]
[SourceVersionDate "2009.03.25"]
[SourceQuality "1"]
[WhiteTeam "Muelheim Nord"]
[BlackTeam "Heilbronn"]
[WhiteTeamCountry "GER"]
[BlackTeamCountry "GER"]

1. e4 c6 2. d4 d5 3. Nc3 dxe4 4. Nxe4 Nd7 5. c4 Ngf6 6. Nc3 g6 7. Nf3 Bg7 8. Bf4 0-0 9. Qd2 Qa5 10. Be2 Nh5 11. Bh6 e5 12. Bxg7 Nxg7 13. 0-0 exd4 14. Nxd4 Nc5 15. a3 Qc7 16. b4 Nce6 17. Nf3 Nf5 18. Ne4 Qf4 19. Qxf4 1/2-1/2

[Event "GER-ch U25 op"]
[Site "Willingen"]
[Date "2008.05.16"]
[Round "8"]
[White "Boemelburg, Raphael"]
[Black "Hoegy, Kevin"]
[Result "1-0"]
[WhiteElo "1852"]
[BlackElo "2058"]
[PlyCount "129"]
[EventDate "2008.05.11"]
[EventType "swiss"]
[EventRounds "9"]
[EventCountry "GER"]
[SourceTitle "CBM 124 Extra"]
[Source "ChessBase"]
[SourceDate "2008.07.03"]
[SourceVersion "1"]
[SourceVersionDate "2008.07.03"]
[SourceQuality "1"]

1. e4 g6 2. d4 Bg7 3. Nc3 d6 4. Be3 a6 5. Qd2 b5 6. Bd3 Nd7 7. f4 Bb7 8. Nf3 c5 9. dxc5 Nxc5 10. Bxc5 dxc5 11. e5 Qb6 12. Be4 Nh6 13. Nd5 Bxd5 14. Qxd5 Rb8 15. Qc6+ Qxc6 16. Bxc6+ Kd8 17. Ng5 Rb6 18. Bd5 e6 19. Bf3 Ke7 20. Ne4 Rc8 21. g4 Ng8 22. g5 Kf8 23. 0-0-0 Rbb8 24. Rd6 Ne7 25. Rxa6 Nf5 26. Nd6 Nxd6 27. Rxd6 Rd8 28. Rhd1 Ke7 29. Bc6 Rdc8 30. Rd7+ Kf8 31. Bb7 Re8 32. Bc6 Rec8 33. Bb7 Re8 34. Rc7 Kg8 35. Rdd7 Rbd8 36. Rxf7 Bh8 37. Rce7 Rf8 38. Rxf8+ Rxf8 39. Rxe6 Rxf4 40. Re8+ Kg7 41. Bd5 h5 42. gxh6+ Kh7 43. Bc6 Rf5 44. Bd7 Rxe5 45. Rxe5 Bxe5 46. Bxb5 Bxh2 47. Kd2 Kxh6 48. Kd3 Kg5 49. Kc4 Kf6 50. Kxc5 Ke7 51. Bd3 g5 52. Bf5 Kf6 53. Bc8 Ke5 54. b4 Bg1+ 55. Kb5 Kd6 56. c4 Kc7 57. Bg4 Be3 58. a4 Bd2 59. Bf3 Kb8 60. c5 Kc7 61. Kc4 Kb8 62. a5 Kc7 63. a6 Kb8 64. b5 Ka7 65. Kd5 1-0

[Event "GER-ch U25 op"]
[Site "Willingen"]
[Date "2008.05.14"]
[Round "6"]
[White "Boemelburg, Raphael"]
[Black "Kunze, Christopher"]
[Result "1-0"]
[WhiteElo "1852"]
[BlackElo "1942"]
[PlyCount "109"]
[EventDate "2008.05.11"]
[EventType "swiss"]
[EventRounds "9"]
[EventCountry "GER"]
[SourceTitle "CBM 124 Extra"]
[Source "ChessBase"]
[SourceDate "2008.07.03"]
[SourceVersion "1"]
[SourceVersionDate "2008.07.03"]
[SourceQuality "1"]

1. e4 c5 2. Nf3 Nc6 3. d3 g6 4. Nbd2 Bg7 5. g3 d6 6. Bg2 e6 7. 0-0 Nge7 8. Re1 0-0 9. h4 Rb8 10. Nh2 b5 11. f4 b4 12. Ndf3 d5 13. e5 Nf5 14. Nf1 a5 15. Be3 Nxe3 16. Nxe3 Qb6 17. Kh2 Ba6 18. Bh3 Rbe8 19. h5 a4 20. Ng4 a3 21. bxa3 bxa3 22. Nf6+ Bxf6 23. exf6 Qd8 24. Ne5 Nb8 25. hxg6 hxg6 26. Qc1 Qxf6 27. Qxa3 Kg7 28. Qxc5 Rh8 29. Ng4 Qf5 30. Qc3+ f6 31. Qc7+ Kf8 32. Kg2 Rxh3 33. Kxh3 Qh5+ 34. Kg2 Qxg4 35. Rab1 e5 36. Rxb8 Bc8 37. Qh7 e4 38. dxe4 dxe4 39. Qh8+ Kf7 40. Qh7+ Kf8 41. Rxe4 Qh3+ 42. Qxh3 Bxh3+ 43. Kxh3 Rxb8 44. a4 Rc8 45. a5 Rxc2 46. Ra4 Rc7 47. a6 Ra7 48. Kg4 Ke7 49. Kf3 Kd6 50. Ke4 Kc5 51. Ra1 Kc4 52. Rc1+ Kb5 53. Kd5 Rd7+ 54. Ke6 Ra7 55. Ra1 1-0

[Event "NRW-ch U18"]
[Site "Kranenburg"]
[Date "2008.03.28"]
[Round "6"]
[White "Boesel, Alexander"]
[Black "Boemelburg, Raphael"]
[Result "0-1"]
[WhiteElo "1753"]
[BlackElo "1866"]
[PlyCount "88"]
[EventDate "2008.03.24"]
[EventType "swiss"]
[EventRounds "7"]
[EventCountry "GER"]
[SourceTitle "EXT 2009"]
[Source "ChessBase"]
[SourceDate "2008.11.26"]
[SourceVersion "1"]
[SourceVersionDate "2008.11.26"]
[SourceQuality "1"]

1. d4 Nf6 2. Nf3 g6 3. c4 c5 4. d5 e6 5. Nc3 exd5 6. Nxd5 Bg7 7. Bg5 d6 8. Bxf6 Bxf6 9. Nxf6+ Qxf6 10. Qd2 0-0 11. g3 Be6 12. Rc1 Rd8 13. Bg2 Nc6 14. 0-0 d5 15. cxd5 Bxd5 16. Qc3 Qxc3 17. Rxc3 b6 18. a3 Be4 19. e3 Rd6 20. Ng5 Bxg2 21. Kxg2 f5 22. Nf3 Ne7 23. Re1 Nd5 24. Rcc1 Nf6 25. Red1 Rad8 26. Rxd6 Rxd6 27. Kf1 Ne4 28. Ke2 Kg7 29. Rc2 Kf6 30. Nd2 Nxd2 31. Rxd2 Rxd2+ 32. Kxd2 Ke5 33. f3 b5 34. b3 g5 35. h3 h5 36. Kd3 g4 37. f4+ Kd5 38. h4 c4+ 39. bxc4+ bxc4+ 40. Kc3 Ke4 41. Kxc4 Kxe3 42. Kd5 Kf3 43. Ke5 Kxg3 44. Kxf5 Kxh4 0-1

[Event "NRW-ch U18"]
[Site "Kranenburg"]
[Date "2008.03.27"]
[Round "5"]
[White "Boemelburg, Raphael"]
[Black "Mir Wais, Milod"]
[Result "0-1"]
[WhiteElo "1866"]
[BlackElo "1837"]
[PlyCount "56"]
[EventDate "2008.03.24"]
[EventType "swiss"]
[EventRounds "7"]
[EventCountry "GER"]
[SourceTitle "EXT 2009"]
[Source "ChessBase"]
[SourceDate "2008.11.26"]
[SourceVersion "1"]
[SourceVersionDate "2008.11.26"]
[SourceQuality "1"]

1. e4 c5 2. d3 e6 3. Nd2 d5 4. g3 Nc6 5. Bg2 b6 6. Ngf3 Bb7 7. 0-0 Nf6 8. Re1 Be7 9. e5 Nd7 10. Nf1 h6 11. h4 Qc7 12. Bf4 0-0-0 13. Ne3 Nf8 14. g4 g5 15. Bg3 Ng6 16. h5 Nf4 17. Bh1 f6 18. d4 cxd4 19. Nxd4 Nxd4 20. Qxd4 fxe5 21. Qd1 Rhf8 22. Kh2 d4 23. Ng2 e4 24. Qc1 Bd6 25. Nxf4 gxf4 26. Bh4 f3+ 27. Kg1 Bh2+ 28. Kf1 Ba6+ 0-1

[Event "NRW-ch U18"]
[Site "Kranenburg"]
[Date "2008.03.24"]
[Round "1"]
[White "Boemelburg, Raphael"]
[Black "Scharnowski, Tobias"]
[Result "0-1"]
[WhiteElo "1866"]
[BlackElo "2105"]
[PlyCount "58"]
[EventDate "2008.03.24"]
[EventType "swiss"]
[EventRounds "7"]
[EventCountry "GER"]
[SourceTitle "EXT 2009"]
[Source "ChessBase"]
[SourceDate "2008.11.26"]
[SourceVersion "1"]
[SourceVersionDate "2008.11.26"]
[SourceQuality "1"]

1. e4 c5 2. Nf3 e6 3. d3 Nc6 4. Nbd2 g6 5. g3 Bg7 6. Bg2 Nge7 7. 0-0 0-0 8. Re1 e5 9. Nh4 d6 10. f4 exf4 11. gxf4 f5 12. Ndf3 fxe4 13. dxe4 Bg4 14. c3 Kh8 15. Be3 Qd7 16. Qd2 Rad8 17. Rad1 Bf6 18. Qf2 Qe6 19. a3 Qc8 20. Qg3 b6 21. Rd3 Bg7 22. Red1 Na5 23. Rxd6 Rxd6 24. Rxd6 Nc4 25. Nxg6+ Nxg6 26. Rxg6 hxg6 27. f5 Nxe3 28. fxg6 Nxg2 29. Kxg2 Rxf3 0-1

[Event "NRW U18 op"]
[Site "Olpe"]
[Date "2005.10.01"]
[Round "2.12"]
[White "Boemelburg, Raphael"]
[Black "Zeldin, Leonid"]
[Result "1/2-1/2"]
[WhiteElo "1644"]
[BlackElo "1855"]
[PlyCount "39"]
[EventDate "2005.10.01"]
[EventType "swiss"]
[EventRounds "7"]
[EventCountry "GER"]
[SourceTitle "CBM 108 Extra"]
[Source "ChessBase"]
[SourceDate "2005.11.04"]
[SourceVersion "1"]
[SourceVersionDate "2005.11.04"]
[SourceQuality "1"]

1. e4 Nc6 2. Nf3 d6 3. Bb5 Bd7 4. d4 Nf6 5. Nc3 e5 6. Bg5 exd4 7. Nxd4 Be7 8. Bxc6 bxc6 9. Qd3 0-0 10. 0-0 Rb8 11. Rab1 h6 12. Bh4 Re8 13. Rfe1 Ng4 14. Bxe7 Qxe7 15. h3 Ne5 16. Qg3 Qg5 17. Qxg5 hxg5 18. a4 Rb4 19. Red1 c5 20. Ndb5 1/2-1/2

[Event "NRW U18 op"]
[Site "Olpe"]
[Date "2005.10.01"]
[Round "1.34"]
[White "Werrn, Pascal"]
[Black "Boemelburg, Raphael"]
[Result "0-1"]
[WhiteElo "1027"]
[BlackElo "1644"]
[PlyCount "100"]
[EventDate "2005.10.01"]
[EventType "swiss"]
[EventRounds "7"]
[EventCountry "GER"]
[SourceTitle "CBM 108 Extra"]
[Source "ChessBase"]
[SourceDate "2005.11.04"]
[SourceVersion "1"]
[SourceVersionDate "2005.11.04"]
[SourceQuality "1"]

1. d4 d5 2. Nf3 Nc6 3. e3 Bg4 4. Be2 Nf6 5. h3 Bf5 6. c4 e6 7. 0-0 Be7 8. Nh4 Bg6 9. Nxg6 hxg6 10. Nc3 Qd7 11. a3 0-0-0 12. b4 Rh7 13. b5 Nb8 14. c5 Rdh8 15. Bg4 Nxg4 16. Qxg4 Rh4 17. Qg3 g5 18. f3 f5 19. Ne2 g4 20. Nf4 R8h6 21. e4 g5 22. Nd3 f4 23. Nxf4 gxf4 24. Bxf4 Rh7 25. fxg4 dxe4 26. Rad1 a5 27. b6 Na6 28. bxc7 Nxc7 29. Bd6 Nd5 30. Bxe7 Qxe7 31. Rb1 Rh8 32. c6 b6 33. Rf2 e3 34. Rfb2 Qc7 35. Qf3 R4h7 36. Qe2 Rf8 37. Qa6+ Kd8 38. Rxb6 Nxb6 39. Rxb6 Qa7 40. Qb5 Kc8 41. Qc5 Re8 42. Kf1 Qf7+ 43. Ke2 Qf2+ 44. Kd3 Qd2+ 45. Kc4 Qc2+ 46. Kb5 Qxc5+ 47. dxc5 e2 48. Ra6 Kb8 49. Rb6+ Ka8 50. Ra6+ Ra7 0-1

[Event "NRW-ch U14"]
[Site "Wolfsburg"]
[Date "2004.04.13"]
[Round "3"]
[White "Plassmann, Dominik"]
[Black "Boemelburg, Raphael"]
[Result "1-0"]
[WhiteElo "1523"]
[BlackElo "1575"]
[PlyCount "39"]
[EventDate "2004.04.??"]
[EventType "swiss"]
[EventRounds "7"]
[EventCountry "GER"]
[SourceTitle "EXT 2005"]
[Source "ChessBase"]
[SourceDate "2004.11.15"]
[SourceVersion "1"]
[SourceVersionDate "2004.11.15"]
[SourceQuality "1"]

1. e4 Nf6 2. e5 Nd5 3. c4 Nb6 4. d4 d6 5. f4 dxe5 6. fxe5 Bf5 7. Nc3 e6 8. Be3 Bb4 9. a3 Bxc3+ 10. bxc3 Nc6 11. h3 Na5 12. Nf3 Be4 13. Nd2 Bc6 14. Qg4 Rg8 15. Bd3 f5 16. exf6 Qxf6 17. Bg5 Qf7 18. Rf1 Qd7 19. Bxh7 Rf8 20. Bg6+ 1-0

[Event "Ruhrgebiet-ch U14"]
[Site "Muelheim"]
[Date "2004.04.06"]
[Round "5"]
[White "Boemelburg, Raphael"]
[Black "Luft, Dennis"]
[Result "1-0"]
[WhiteElo "1575"]
[BlackElo "1774"]
[PlyCount "107"]
[EventDate "2004.04.??"]
[EventType "swiss"]
[EventRounds "7"]
[EventCountry "GER"]
[SourceTitle "EXT 2005"]
[Source "ChessBase"]
[SourceDate "2004.11.15"]
[SourceVersion "1"]
[SourceVersionDate "2004.11.15"]
[SourceQuality "1"]

1. e4 e5 2. Nf3 Nc6 3. Bb5 Nf6 4. 0-0 Nxe4 5. Re1 Nd6 6. Bxc6 dxc6 7. Nxe5 Be7 8. d4 0-0 9. Nc3 Nf5 10. Be3 Bf6 11. Ne4 Bxe5 12. dxe5 Qe7 13. Bc5 Qe8 14. Bxf8 Qxf8 15. Qd3 h6 16. Rad1 Be6 17. a3 Qe7 18. b4 b6 19. Rd2 Bd5 20. Nf6+ gxf6 21. Qxf5 fxe5 22. Rxe5 Be6 23. Qe4 Rd8 24. Rxd8+ Qxd8 25. Qd3 Qf6 26. Qg3+ Kh7 27. h3 Bd7 28. f4 Be6 29. Qe3 Kg8 30. f5 Bd5 31. Re8+ Kg7 32. Qg3+ Qg5 33. Qxg5+ hxg5 34. Rc8 Be4 35. g4 a5 36. Rxc7 axb4 37. axb4 b5 38. Kf2 Bd5 39. Re7 Kf6 40. Re3 Kg7 41. Kg3 Bc4 42. h4 gxh4+ 43. Kxh4 Kh6 44. g5+ Kg7 45. Kh5 Bd5 46. g6 Kf8 47. f6 fxg6+ 48. Kxg6 Bf7+ 49. Kg5 Bd5 50. Re7 Ba2 51. Rc7 Bd5 52. Kf4 Bg2 53. Ke5 Bd5 54. Kd6 1-0

[Event "Ruhrgebiet VK3 0304"]
[Site "Ruhrgebiet"]
[Date "2004.02.08"]
[Round "6.8"]
[White "Boemelburg, Raphael"]
[Black "Nadrowski, Joseph"]
[Result "0-1"]
[WhiteElo "1557"]
[BlackElo "1710"]
[PlyCount "48"]
[EventDate "2003.09.28"]
[EventType "team"]
[EventRounds "9"]
[EventCountry "GER"]
[SourceTitle "EXT 2007"]
[Source "ChessBase"]
[SourceDate "2006.11.23"]
[SourceVersion "1"]
[SourceVersionDate "2006.11.23"]
[SourceQuality "1"]
[WhiteTeam "Linden"]
[BlackTeam "Werne SK"]
[WhiteTeamCountry "GER"]
[BlackTeamCountry "GER"]

1. e4 c6 2. d4 g6 3. Nc3 Bg7 4. Bc4 d5 5. exd5 Nf6 6. dxc6 Nxc6 7. Nge2 0-0 8. 0-0 a6 9. Bf4 b5 10. Bb3 Bb7 11. d5 Na5 12. d6 e6 13. Qd3 Nxb3 14. axb3 Nd7 15. Ne4 Bxb2 16. Ra2 Bg7 17. c4 Bc6 18. Rc1 b4 19. c5 Qh4 20. N2g3 Qxf4 21. Rcc2 h5 22. f3 Bb5 23. Qd1 Qe3+ 24. Nf2 Qxb3 0-1

[Event "NRW-ch U12"]
[Site "Winterberg"]
[Date "2002.04.05"]
[Round "6"]
[White "Boemelburg, Raphael"]
[Black "Zemella, Christian"]
[Result "0-1"]
[WhiteElo "1371"]
[BlackElo "1508"]
[PlyCount "100"]
[EventDate "2002.04.01"]
[EventType "swiss"]
[EventRounds "7"]
[EventCountry "GER"]
[SourceTitle "EXT 2003"]
[Source "ChessBase"]
[SourceDate "2002.11.25"]
[SourceVersion "1"]
[SourceVersionDate "2002.11.25"]
[SourceQuality "1"]

1. e4 c5 2. Nc3 e6 3. f4 a6 4. Nf3 d5 5. e5 Nc6 6. Be2 g6 7. 0-0 Bg7 8. d3 Nge7 9. g4 b6 10. Qe1 Bb7 11. Qg3 Nb4 12. Ne1 Rc8 13. f5 gxf5 14. gxf5 Rg8 15. Kh1 d4+ 16. Ne4 exf5 17. Qf3 Rf8 18. Nd6+ Qxd6 19. exd6 Bxf3+ 20. Bxf3 Ng6 21. a3 Nc6 22. Ng2 Kd7 23. Bd5 Kxd6 24. Bxc6 Rxc6 25. Rxf5 Kd7 26. Bg5 h6 27. Raf1 hxg5 28. Rxf7+ Ke8 29. R7f3 Rcf6 30. Ne1 Rxf3 31. Rxf3 Rxf3 32. Nxf3 g4 33. Ne1 Nf4 34. b4 cxb4 35. axb4 Bf8 36. b5 a5 37. Kg1 Bb4 38. c3 Bxc3 39. Nc2 Nxd3 40. Kf1 Nb4 41. Na3 d3 42. Nc4 Nd5 43. Kf2 a4 44. Kf1 a3 45. Nxa3 d2 46. Ke2 Ne3 47. Nb1 d1Q+ 48. Kxe3 Qxb1 49. Kf4 Qe1 50. Kxg4 Qf2 0-1